[Event "Hessen-ch Seniors op 07th"]
[Site "Bad Sooden-Allendorf"]
[Date "2011.05.03"]
[Round "4"]
[White "Kuehn, Peter1111"]
[Black "Claus, Joachim"]
[Result "1-0"]
[WhiteElo "1859"]
[BlackElo "1670"]
[PlyCount "81"]
[EventDate "2011.04.30"]
[EventType "swiss"]
[EventRounds "9"]
[EventCountry "GER"]
[SourceTitle "EXT 2012"]
[Source "ChessBase"]
[SourceDate "2011.11.24"]
[SourceVersion "1"]
[SourceVersionDate "2011.11.24"]
[SourceQuality "1"]

1. e4 e5 2. Nf3 Nc6 3. d4 exd4 4. Nxd4 Qf6 5. Be3 Bc5 6. c3 Nxd4 7. cxd4 Bb4+ 8. Nc3 Qg6 9. f3 Ne7 10. Qb3 Bxc3+ 11. bxc3 0-0 12. a4 a5 13. Ra2 b6 14. c4 d6 15. Bd3 Qf6 16. 0-0 Nc6 17. d5 Nb4 18. Raf2 Qe7 19. Bb1 Bd7 20. Bd4 Qe8 21. Qc3 f6 22. f4 Qe7 23. e5 fxe5 24. fxe5 Rxf2 25. Rxf2 Rf8 26. Rxf8+ Qxf8 27. exd6 cxd6 28. Bxb6 Qb8 29. Qe3 Na6 30. Bc2 Nb4 31. Be4 Bxa4 32. Bxa5 Nc2 33. Bxc2 Bxc2 34. Qe6+ Kf8 35. h3 Qa7+ 36. Kh2 Qxa5 37. Qxd6+ Ke8 38. Qe6+ Kf8 39. d6 Bg6 40. d7 Qc7+ 41. g3 1-0

[Event "Hessen-ch Seniors op 05th"]
[Site "Bad Sooden-Allendorf"]
[Date "2009.05.02"]
[Round "8"]
[White "Claus, Joachim"]
[Black "Simon, Goetz Jochen"]
[Result "0-1"]
[WhiteElo "1627"]
[BlackElo "1626"]
[PlyCount "126"]
[EventDate "2009.04.25"]
[EventType "swiss"]
[EventRounds "9"]
[EventCountry "GER"]
[SourceTitle "EXT 2022"]
[Source "ChessBase"]
[SourceDate "2021.10.06"]
[SourceVersion "1"]
[SourceVersionDate "2021.10.06"]
[SourceQuality "1"]

1. f4 Nf6 2. b3 Nc6 3. Bb2 e6 4. Nf3 d5 5. e3 Be7 6. Bb5 Bd7 7. Bxc6 Bxc6 8. Ne5 0-0 9. d3 Be8 10. 0-0 Nd7 11. Nd2 f6 12. Nef3 c5 13. Qe1 Rc8 14. Kh1 Nb8 15. e4 Bd7 16. Qe2 Nc6 17. a3 Re8 18. Rfe1 a6 19. Qf2 b5 20. Nf1 d4 21. Bc1 Kh8 22. h3 Rg8 23. N1h2 e5 24. fxe5 fxe5 25. Bd2 g5 26. Qe2 Qe8 27. Rg1 g4 28. hxg4 Bxg4 29. Raf1 Qh5 30. Qe1 Rcf8 31. Rf2 Bxf3 32. Rxf3 Bh4 33. Qf1 Bg3 34. Rxg3 Rxf1 35. Rxg8+ Kxg8 36. Rxf1 Ne7 37. Kg1 Ng6 38. g4 Qh4 39. Be1 Qg5 40. Bg3 Nf4 41. Bxf4 exf4 42. Kg2 h5 43. Kh1 Kf7 44. gxh5 Qxh5 45. Rxf4+ Ke6 46. Kg2 Qd1 47. Rf2 Qa1 48. b4 Qxa3 49. bxc5 Qxc5 50. Nf3 b4 51. Ne1 a5 52. Rf5 Qc3 53. Kf1 a4 54. Ra5 a3 55. Ra6+ Kd7 56. Ra7+ Kc6 57. Ra6+ Kb7 58. Ra4 Qb2 59. e5 a2 60. e6 a1Q 61. Rxa1 Qxa1 62. e7 Qa4 63. Nf3 Qd7 0-1

[Event "Hessen-ch Seniors op 05th"]
[Site "Bad Sooden-Allendorf"]
[Date "2009.05.01"]
[Round "7"]
[White "Claus, Joachim"]
[Black "Pastowski, Werner"]
[Result "1/2-1/2"]
[WhiteElo "1627"]
[BlackElo "1555"]
[PlyCount "120"]
[EventDate "2009.04.25"]
[EventType "swiss"]
[EventRounds "9"]
[EventCountry "GER"]
[SourceTitle "EXT 2022"]
[Source "ChessBase"]
[SourceDate "2021.10.06"]
[SourceVersion "1"]
[SourceVersionDate "2021.10.06"]
[SourceQuality "1"]

1. f4 d5 2. b3 e6 3. Bb2 Nf6 4. Nf3 Nbd7 5. e3 Be7 6. Be2 c5 7. Bb5 a6 8. Bxd7+ Bxd7 9. Ne5 Rc8 10. d3 Bc6 11. 0-0 0-0 12. Nd2 d4 13. e4 b5 14. Qf3 Nd7 15. Nxc6 Rxc6 16. a4 b4 17. a5 Rc7 18. Nc4 Qa8 19. Bc1 f5 20. e5 Qxf3 21. Rxf3 Rcc8 22. Bd2 g6 23. Be1 Kh8 24. Rh3 Rg8 25. Bh4 Bxh4 26. Rxh4 Rcf8 27. Rh3 g5 28. Rf1 g4 29. Rh6 Rg6 30. Rxg6 hxg6 31. g3 Kg7 32. Kg2 Rh8 33. Ra1 Nb8 34. Nd6 Rd8 35. h3 gxh3+ 36. Kxh3 Rh8+ 37. Kg2 Nd7 38. Rg1 Nb8 39. Nc4 Nc6 40. Ra1 Rb8 41. Nb6 Rd8 42. Nc4 Rh8 43. Nd6 Nb8 44. Rc1 Nd7 45. Rf1 Nb8 46. Nc4 Nc6 47. Ra1 Rd8 48. Nb6 Nb8 49. Rh1 Rh8 50. Ra1 Rd8 51. Na8 Rc8 52. Rh1 Nc6 53. Nb6 Rd8 54. Ra1 Nb8 55. Nc4 Nc6 56. Nd6 Nb8 57. Nc4 Nc6 58. Nd2 Ne7 59. Nf3 Nd5 60. Ng5 Nc7 1/2-1/2

[Event "Hessen-ch Seniors op 05th"]
[Site "Bad Sooden-Allendorf"]
[Date "2009.04.27"]
[Round "3"]
[White "Richter, Hildegard"]
[Black "Claus, Joachim"]
[Result "1/2-1/2"]
[WhiteElo "1603"]
[BlackElo "1627"]
[PlyCount "91"]
[EventDate "2009.04.25"]
[EventType "swiss"]
[EventRounds "9"]
[EventCountry "GER"]
[SourceTitle "EXT 2022"]
[Source "ChessBase"]
[SourceDate "2021.10.06"]
[SourceVersion "1"]
[SourceVersionDate "2021.10.06"]
[SourceQuality "1"]

1. d4 Nf6 2. Bg5 e6 3. Nf3 h6 4. Bf4 c5 5. e3 d5 6. Nbd2 b6 7. c3 Bb7 8. Ne5 Be7 9. Bb5+ Nbd7 10. Ndf3 0-0 11. Nxd7 Nxd7 12. Bd3 Nf6 13. Ne5 cxd4 14. exd4 Qc8 15. Qf3 Ne4 16. Rc1 Qd8 17. 0-0 Bg5 18. Bb5 Bxf4 19. Qxf4 Qf6 20. Qxf6 Nxf6 21. h3 Rac8 22. f4 Rc7 23. Bd3 a6 24. f5 Bc8 25. fxe6 Bxe6 26. a3 b5 27. Bf5 Bxf5 28. Rxf5 Ne4 29. Nd3 Rd8 30. Nb4 Ng3 31. Re5 f6 32. Re6 a5 33. Na6 Rcc8 34. Nc5 Re8 35. Rce1 Kf7 36. Rxe8 Rxe8 37. Rxe8 Kxe8 38. Nb7 b4 39. Nd6+ Kd7 40. Nb5 bxa3 41. Nxa3 f5 42. Kf2 Ne4+ 43. Ke3 g5 44. c4 f4+ 45. Ke2 Kc6 46. c5 1/2-1/2

[Event "Niedersachsen-ch Seniors op 11th"]
[Site "Bad Bevensen"]
[Date "2008.07.13"]
[Round "6"]
[White "Claus, Joachim"]
[Black "Reschke, Susanne"]
[Result "1/2-1/2"]
[WhiteElo "1703"]
[BlackElo "1579"]
[PlyCount "68"]
[EventDate "2008.07.08"]
[EventType "swiss"]
[EventRounds "9"]
[EventCountry "GER"]
[SourceTitle "EXT 2022"]
[Source "ChessBase"]
[SourceDate "2021.10.06"]
[SourceVersion "1"]
[SourceVersionDate "2021.10.06"]
[SourceQuality "1"]

1. f4 Nf6 2. b3 g6 3. Bb2 Bg7 4. Nf3 d5 5. e3 c5 6. Bb5+ Bd7 7. Qe2 a6 8. Bxd7+ Nbxd7 9. 0-0 0-0 10. Ne5 Nxe5 11. Bxe5 Nd7 12. Bxg7 Kxg7 13. d3 e6 14. Nd2 Qb6 15. c4 Rae8 16. Nf3 Qd6 17. Qb2+ f6 18. Rae1 e5 19. fxe5 Nxe5 20. Nxe5 Rxe5 21. Rf3 d4 22. Qd2 dxe3 23. Rfxe3 Qd4 24. Kf1 Rfe8 25. Rxe5 Rxe5 26. Rxe5 Qxe5 27. g3 g5 28. Kf2 h5 29. Qe3 Kg6 30. Qe4+ Qxe4 31. dxe4 f5 32. Ke3 Kf6 33. a3 Ke5 34. exf5 Kxf5 1/2-1/2

[Event "Niedersachsen-ch Seniors op 11th"]
[Site "Bad Bevensen"]
[Date "2008.07.12"]
[Round "5"]
[White "Angermann, Immo Frank"]
[Black "Claus, Joachim"]
[Result "1/2-1/2"]
[WhiteElo "1612"]
[BlackElo "1703"]
[PlyCount "102"]
[EventDate "2008.07.08"]
[EventType "swiss"]
[EventRounds "9"]
[EventCountry "GER"]
[SourceTitle "EXT 2022"]
[Source "ChessBase"]
[SourceDate "2021.10.06"]
[SourceVersion "1"]
[SourceVersionDate "2021.10.06"]
[SourceQuality "1"]

1. e4 d5 2. exd5 Nf6 3. Nc3 Nxd5 4. Nf3 Nxc3 5. bxc3 Nd7 6. Ba3 g6 7. Bc4 e6 8. Bxf8 Kxf8 9. a4 b6 10. d4 Bb7 11. Qd3 Qf6 12. Ke2 a5 13. Qe3 Kg7 14. Rhg1 Rae8 15. Rad1 Bxf3+ 16. Qxf3 Qxf3+ 17. Kxf3 Nf6 18. Bb5 Rd8 19. Rge1 Rd6 20. g4 g5 21. Re5 h6 22. Kg3 Rhd8 23. f4 Rd5 24. fxg5 Rxe5 25. gxf6+ Kh8 26. Rd3 Rg5 27. h4 Rxb5 28. axb5 Rd5 29. c4 Rd7 30. Kf4 Kh7 31. c3 Kg6 32. Ke5 Rd8 33. Rf3 a4 34. Rf2 a3 35. Ra2 Ra8 36. d5 exd5 37. cxd5 Ra4 38. d6 cxd6+ 39. Kxd6 Rxg4 40. Rxa3 Rc4 41. Ke7 Rc5 42. c4 Rc7+ 43. Kd6 Rxc4 44. Ra6 Rxh4 45. Rxb6 Rb4 46. Kc5 Rb1 47. Rb8 Kxf6 48. b6 h5 49. b7 h4 50. Kc6 Rc1+ 51. Kd6 Rb1 1/2-1/2

[Event "Niedersachsen-ch Seniors op 11th"]
[Site "Bad Bevensen"]
[Date "2008.07.09"]
[Round "2"]
[White "Claus, Joachim"]
[Black "Heimberg, Guenter"]
[Result "1-0"]
[WhiteElo "1703"]
[BlackElo "1529"]
[PlyCount "115"]
[EventDate "2008.07.08"]
[EventType "swiss"]
[EventRounds "9"]
[EventCountry "GER"]
[SourceTitle "EXT 2022"]
[Source "ChessBase"]
[SourceDate "2021.10.06"]
[SourceVersion "1"]
[SourceVersionDate "2021.10.06"]
[SourceQuality "1"]

1. f4 b6 2. e3 Bb7 3. Nf3 Nf6 4. b3 e6 5. Bb2 d6 6. Bb5+ c6 7. Be2 Nbd7 8. 0-0 h6 9. Qe1 Qe7 10. h3 g6 11. d3 Bg7 12. Nbd2 Nh5 13. Bxg7 Nxg7 14. a4 Nf6 15. Nh2 d5 16. Ng4 Nxg4 17. Bxg4 h5 18. Bd1 Nf5 19. Qf2 0-0-0 20. a5 Qc5 21. axb6 axb6 22. Re1 Qc3 23. Ra2 Qc5 24. d4 Qe7 25. Be2 Kc7 26. Rea1 Ra8 27. Ba6 Bxa6 28. Rxa6 Rxa6 29. Rxa6 Kb7 30. Ra1 Qb4 31. Ra2 h4 32. Nf1 Qc3 33. Qe2 b5 34. Kf2 Nd6 35. Qe1 Ne4+ 36. Ke2 Qxe1+ 37. Kxe1 Nc3 38. Ra1 f6 39. Kf2 Ne4+ 40. Kf3 g5 41. c4 Rf8 42. Ra2 gxf4 43. Kxf4 e5+ 44. Kf3 exd4 45. cxb5 cxb5 46. exd4 f5 47. Kf4 Rc8 48. Ne3 Rc3 49. Rb2 Kc6 50. Nxf5 Ng3 51. Nxh4 Nh5+ 52. Kg5 Ng7 53. Nf3 Kd6 54. h4 Ne6+ 55. Kg4 Re3 56. Kf5 Rd3 57. h5 Ke7 58. Re2 1-0

[Event "Ruhrgebiet VK3 0708"]
[Site "Germany"]
[Date "2007.11.18"]
[Round "3.8"]
[White "Claus, Joachim"]
[Black "Wesnigk, Karl Heinz"]
[Result "1/2-1/2"]
[WhiteElo "1745"]
[BlackElo "1877"]
[PlyCount "112"]
[EventDate "2007.09.16"]
[EventType "team"]
[EventRounds "9"]
[EventCountry "GER"]
[SourceTitle "EXT 2009"]
[Source "ChessBase"]
[SourceDate "2008.11.26"]
[SourceVersion "1"]
[SourceVersionDate "2008.11.26"]
[SourceQuality "1"]
[WhiteTeam "Witten"]
[BlackTeam "Dortmund FS 98"]
[WhiteTeamCountry "GER"]
[BlackTeamCountry "GER"]

1. f4 g6 2. Nf3 Bg7 3. e3 c5 4. Nc3 d6 5. Bb5+ Bd7 6. Bxd7+ Qxd7 7. Rb1 Nc6 8. 0-0 e6 9. b3 Nge7 10. Bb2 0-0 11. Ne2 Bxb2 12. Rxb2 b5 13. c3 f5 14. c4 a6 15. d4 bxc4 16. bxc4 Na5 17. Qc2 Rfc8 18. Qc3 Nac6 19. dxc5 d5 20. Rd1 Rab8 21. Rxb8 Rxb8 22. Ne5 Nxe5 23. Qxe5 Nc6 24. Qd6 Qxd6 25. cxd6 dxc4 26. d7 Nd8 27. Rd6 Ra8 28. Kf1 Kf7 29. Rd4 Ra7 30. a4 Ke7 31. Rxc4 Rxd7 32. Nd4 Kd6 33. Ke2 Rb7 34. h4 Rb2+ 35. Kf3 Rb1 36. Rc8 Kd7 37. Ra8 Rb7 38. Rxa6 h6 39. a5 Rc7 40. Rb6 Ra7 41. Rb5 Nb7 42. Nb3 Kc6 43. Rb6+ Kd5 44. Nd4 Nc5 45. Rb5 Kd6 46. Rb6+ Kd5 47. Nc6 Rc7 48. Ne5 Rg7 49. a6 Ra7 50. Nxg6 Nxa6 51. h5 Nc5 52. Rb1 Ne4 53. Rd1+ Kc5 54. Rc1+ Kd6 55. Rd1+ Kc5 56. Rc1+ Kd6 1/2-1/2

[Event "Bayern-ch Seniors 19th"]
[Site "Schloss Schney"]
[Date "2007.06.19"]
[Round "8"]
[White "Reer, Erdmann"]
[Black "Claus, Joachim"]
[Result "1-0"]
[WhiteElo "1885"]
[BlackElo "1736"]
[PlyCount "113"]
[EventDate "2007.06.12"]
[EventType "swiss"]
[EventRounds "9"]
[EventCountry "GER"]
[SourceTitle "EXT 2008"]
[Source "ChessBase"]
[SourceDate "2007.11.25"]
[SourceVersion "1"]
[SourceVersionDate "2007.11.25"]
[SourceQuality "1"]

1. e4 d5 2. exd5 Nf6 3. d4 Nxd5 4. Nf3 Bg4 5. Be2 e6 6. 0-0 Be7 7. Re1 0-0 8. c3 Nd7 9. Nbd2 c6 10. Nf1 Bxf3 11. Bxf3 Bg5 12. g3 Bxc1 13. Rxc1 Qg5 14. Bg2 Qe7 15. Qb3 N7f6 16. c4 Nb6 17. d5 cxd5 18. cxd5 e5 19. Ne3 g6 20. a4 Rac8 21. a5 Rxc1 22. Rxc1 Rc8 23. Re1 Na8 24. Nc4 Qc5 25. Nxe5 Qxa5 26. Rd1 Re8 27. Qxb7 Rxe5 28. Qxa8+ Kg7 29. d6 Re1+ 30. Rxe1 Qxe1+ 31. Bf1 Qd2 32. Qxa7 Qxd6 33. Bc4 Qd7 34. Qxd7 Nxd7 35. f4 Kf6 36. Kf2 h6 37. Ke3 Ke7 38. Kd4 f6 39. b4 Kd6 40. Bb5 Nb6 41. Be8 Nd5 42. b5 Nc7 43. Bc6 Ne6+ 44. Kc4 g5 45. f5 Nd8 46. Bg2 g4 47. b6 Nf7 48. b7 Ne5+ 49. Kd4 Kc7 50. Kd5 Kxb7 51. Ke6+ Kc7 52. Kxf6 Nf3 53. Kg7 Kd6 54. f6 Ke5 55. Bxf3 gxf3 56. f7 Ke4 57. f8Q 1-0

[Event "Bayern-ch Seniors 19th"]
[Site "Schloss Schney"]
[Date "2007.06.12"]
[Round "1"]
[White "Claus, Joachim"]
[Black "Klose, Hans Peter"]
[Result "1/2-1/2"]
[WhiteElo "1736"]
[BlackElo "1467"]
[PlyCount "99"]
[EventDate "2007.06.12"]
[EventType "swiss"]
[EventRounds "9"]
[EventCountry "GER"]
[SourceTitle "EXT 2008"]
[Source "ChessBase"]
[SourceDate "2007.11.25"]
[SourceVersion "1"]
[SourceVersionDate "2007.11.25"]
[SourceQuality "1"]

1. f4 Nc6 2. Nf3 d6 3. e3 e5 4. fxe5 dxe5 5. Bb5 Bd7 6. Bxc6 Bxc6 7. 0-0 f6 8. a4 Bd6 9. d3 Qd7 10. b3 0-0-0 11. Nc3 a6 12. Qe2 Bb4 13. Bd2 Ne7 14. Rad1 Nd5 15. Ne4 Qe7 16. c3 Bc5 17. b4 Nf4 18. Qe1 Nxd3 19. Qg3 Nf4 20. Kh1 Bxe4 21. exf4 Bd6 22. fxe5 Bxe5 23. Nxe5 fxe5 24. Qg4+ Rd7 25. Qxe4 Rf8 26. Rxf8+ Qxf8 27. Qf3 Qe7 28. h3 e4 29. Qf4 e3 30. Bxe3 Rxd1+ 31. Kh2 Qd6 32. Qxd6 cxd6 33. Bd4 g6 34. Kg3 Kd7 35. h4 Ke6 36. Kf4 Rf1+ 37. Ke3 Rf7 38. Ke4 Rc7 39. g4 d5+ 40. Kf4 Rf7+ 41. Kg5 Ke7 42. h5 gxh5 43. Kxh5 Kf8 44. g5 Rf1 45. Kg4 Kf7 46. Bb6 Ke6 47. Bd4 Rf5 48. Bh8 Rf8 49. Bd4 Rg8 50. Kf4 1/2-1/2

[Event "Bad Wildungen Seniors op 3rd"]
[Site "Bad Wildungen"]
[Date "2006.08.04"]
[Round "5"]
[White "Gehrmann, Dorit"]
[Black "Claus, Joachim"]
[Result "1-0"]
[WhiteElo "1867"]
[BlackElo "1795"]
[PlyCount "71"]
[EventDate "2006.07.31"]
[EventType "swiss"]
[EventRounds "9"]
[EventCountry "GER"]
[SourceTitle "EXT 2007"]
[Source "ChessBase"]
[SourceDate "2006.11.23"]
[SourceVersion "1"]
[SourceVersionDate "2006.11.23"]
[SourceQuality "1"]

1. e4 d5 2. exd5 Nf6 3. d4 Nxd5 4. c4 Nb4 5. Qa4+ N8c6 6. a3 Na6 7. Be3 Bd7 8. Qc2 e6 9. Nf3 Ne7 10. Bd3 c6 11. Qe2 Nc7 12. Ne5 Ng6 13. Nxd7 Qxd7 14. Nd2 Be7 15. 0-0 0-0 16. f4 Ne8 17. f5 exf5 18. Bxf5 Qd8 19. Nf3 Nd6 20. Bd3 Bf6 21. Rae1 Qd7 22. Qc2 Rae8 23. Kh1 Re7 24. Bg5 Bxg5 25. Nxg5 Rxe1 26. Rxe1 Re8 27. Rf1 Qg4 28. Nf3 Qd7 29. c5 Nc8 30. Bc4 Rf8 31. Ng5 h6 32. Nxf7 Kh7 33. Qxg6+ Kxg6 34. Ne5+ Kg5 35. Nxd7 Rxf1+ 36. Bxf1 1-0

[Event "Bad Wildungen Seniors op 3rd"]
[Site "Bad Wildungen"]
[Date "2006.08.03"]
[Round "4"]
[White "Claus, Joachim"]
[Black "Slacik, Johann"]
[Result "1/2-1/2"]
[WhiteElo "1795"]
[BlackElo "1722"]
[PlyCount "51"]
[EventDate "2006.07.31"]
[EventType "swiss"]
[EventRounds "9"]
[EventCountry "GER"]
[SourceTitle "EXT 2007"]
[Source "ChessBase"]
[SourceDate "2006.11.23"]
[SourceVersion "1"]
[SourceVersionDate "2006.11.23"]
[SourceQuality "1"]

1. f4 d5 2. Nf3 g6 3. e3 Bg7 4. Nc3 Nc6 5. Bb5 Bg4 6. Bxc6+ bxc6 7. 0-0 e5 8. fxe5 Bxe5 9. Qe1 Bd6 10. b3 Nh6 11. Bb2 0-0 12. Ne2 c5 13. Kh1 Qe7 14. Neg1 Rae8 15. Qh4 Qxh4 16. Nxh4 Nf5 17. Nxf5 Bxf5 18. Rac1 Re4 19. Bf6 c4 20. c3 Re6 21. Bg5 Bd3 22. Rf2 f6 23. Bf4 Ba3 24. Re1 c5 25. Ne2 Rb6 26. Bh6 1/2-1/2

[Event "Bad Wildungen Seniors op 3rd"]
[Site "Bad Wildungen"]
[Date "2006.08.01"]
[Round "2"]
[White "Claus, Joachim"]
[Black "Goy, Udo"]
[Result "0-1"]
[WhiteElo "1795"]
[BlackElo "2122"]
[PlyCount "100"]
[EventDate "2006.07.31"]
[EventType "swiss"]
[EventRounds "9"]
[EventCountry "GER"]
[SourceTitle "EXT 2007"]
[Source "ChessBase"]
[SourceDate "2006.11.23"]
[SourceVersion "1"]
[SourceVersionDate "2006.11.23"]
[SourceQuality "1"]

1. f4 Nf6 2. Nf3 g6 3. e3 Bg7 4. Nc3 0-0 5. Rb1 d6 6. b3 Nc6 7. Bb2 e5 8. fxe5 dxe5 9. d3 Qe7 10. Be2 e4 11. Nxe4 Nxe4 12. Bxg7 Kxg7 13. dxe4 Qxe4 14. Qd3 Re8 15. Qxe4 Rxe4 16. Kf2 Re7 17. a3 Bd7 18. Rhe1 Rae8 19. Bd3 f5 20. h4 Kf6 21. g3 Nd8 22. Rbd1 Nf7 23. Bf1 Bc6 24. Nd4 Be4 25. Bd3 c5 26. Nf3 Bxf3 27. Kxf3 Ne5+ 28. Kf4 Ng4 29. e4 Nf2 30. e5+ Rxe5 31. Rxe5 Rxe5 32. Rd2 Ng4 33. Re2 h6 34. Rxe5 Nxe5 35. Bf1 g5+ 36. hxg5+ hxg5+ 37. Ke3 Ng4+ 38. Kd3 Ke5 39. Be2 Nf6 40. b4 cxb4 41. axb4 Ne4 42. Bf3 g4 43. Bxe4 fxe4+ 44. Ke3 b5 45. c3 Kd5 46. Kf4 Kc4 47. Kxe4 Kxc3 48. Kf4 Kxb4 49. Kxg4 a5 50. Kf5 a4 0-1

[Event "Bad Wildungen Seniors op 3rd"]
[Site "Bad Wildungen"]
[Date "2006.07.31"]
[Round "1"]
[White "Dunkel, Horst"]
[Black "Claus, Joachim"]
[Result "0-1"]
[WhiteElo "1483"]
[BlackElo "1795"]
[PlyCount "122"]
[EventDate "2006.07.31"]
[EventType "swiss"]
[EventRounds "9"]
[EventCountry "GER"]
[SourceTitle "EXT 2007"]
[Source "ChessBase"]
[SourceDate "2006.11.23"]
[SourceVersion "1"]
[SourceVersionDate "2006.11.23"]
[SourceQuality "1"]

1. Nf3 Nf6 2. d4 g6 3. Nbd2 d5 4. c3 Bg7 5. e3 0-0 6. Bd3 Nbd7 7. 0-0 c5 8. e4 cxd4 9. Nxd4 Nc5 10. Qc2 Nxd3 11. Qxd3 dxe4 12. Qc2 e5 13. N4b3 Bf5 14. Qd1 b6 15. h3 h5 16. Re1 Qc7 17. Qe2 Rfe8 18. Nf1 Rac8 19. Bg5 Qc4 20. Ng3 Nh7 21. Be3 Qxe2 22. Nxe2 Be6 23. Rad1 Rcd8 24. Nbc1 f5 25. g3 Bf6 26. h4 Kf7 27. Kg2 Be7 28. Ng1 Rxd1 29. Rxd1 Rd8 30. Rxd8 Bxd8 31. Nh3 Bc7 32. Ng5+ Nxg5 33. Bxg5 f4 34. gxf4 exf4 35. b3 Bd5 36. Kf1 Ke6 37. Ne2 Kf5 38. Nd4+ Kg4 39. c4 Bb7 40. Ne6 Bd6 41. Nd4 Be5 42. Nc2 Bc3 43. Na3 Bc6 44. Nb1 Bd4 45. Na3 Bd7 46. Nc2 Be5 47. Nb4 Bd6 48. Nd5 Kf5 49. Nc3 Be5 50. Nd5 Be8 51. Ne7+ Kg4 52. Nd5 Bf7 53. Ne7 a5 54. Nc6 Bc7 55. Nd4 a4 56. Nc2 axb3 57. axb3 b5 58. cxb5 Bxb3 59. Nd4 Bc4+ 60. Kg1 Bb6 61. Nc6 Bxb5 0-1

[Event "Bayern-ch Seniors 18th"]
[Site "Schloss Schney"]
[Date "2006.06.30"]
[Round "6"]
[White "Banfelder, Herbert"]
[Black "Claus, Joachim"]
[Result "0-1"]
[WhiteElo "1607"]
[BlackElo "1765"]
[PlyCount "62"]
[EventDate "2006.06.25"]
[EventType "swiss"]
[EventRounds "9"]
[EventCountry "GER"]
[SourceTitle "EXT 2007"]
[Source "ChessBase"]
[SourceDate "2006.11.23"]
[SourceVersion "1"]
[SourceVersionDate "2006.11.23"]
[SourceQuality "1"]

1. Nf3 Nf6 2. c4 g6 3. g3 Bg7 4. Bg2 c6 5. Nc3 d5 6. cxd5 cxd5 7. 0-0 Nc6 8. d4 0-0 9. e3 a6 10. a3 b5 11. Bd2 h6 12. Rc1 Bb7 13. b4 e6 14. Qc2 Rc8 15. Qd3 Nb8 16. Ne5 Nbd7 17. Nxg6 fxg6 18. Qxg6 Qe8 19. Qd3 Nb6 20. e4 dxe4 21. Nxe4 Nxe4 22. Bxe4 Bxe4 23. Rxc8 Bxd3 24. Rxe8 Rxe8 25. Re1 Nc4 26. Kg2 Bc2 27. Kf3 Bxd4 28. Bxh6 Nxa3 29. Bd2 Nc4 30. Bc1 Bc3 31. Re2 Bd1 0-1

[Event "Bayern-ch Seniors 18th"]
[Site "Schloss Schney"]
[Date "2006.06.25"]
[Round "1"]
[White "Claus, Joachim"]
[Black "Jakubowski, Karl"]
[Result "1-0"]
[WhiteElo "1765"]
[BlackElo "1373"]
[PlyCount "99"]
[EventDate "2006.06.25"]
[EventType "swiss"]
[EventRounds "9"]
[EventCountry "GER"]
[SourceTitle "EXT 2007"]
[Source "ChessBase"]
[SourceDate "2006.11.23"]
[SourceVersion "1"]
[SourceVersionDate "2006.11.23"]
[SourceQuality "1"]

1. f4 Nf6 2. Nf3 e6 3. e3 Nc6 4. Bb5 Be7 5. Bxc6 bxc6 6. b3 Ne4 7. 0-0 Bf6 8. c3 0-0 9. Qc2 d5 10. d3 Nd6 11. Ba3 Re8 12. Nbd2 Nb5 13. Bb2 Nd6 14. Rad1 Ba6 15. Rfe1 Nf5 16. c4 c5 17. Ne5 Bxe5 18. Bxe5 f6 19. Bb2 d4 20. Nf1 Bb7 21. Qf2 a5 22. e4 Nh6 23. h3 f5 24. e5 Kh8 25. Nh2 Rg8 26. Nf3 Bxf3 27. Qxf3 Qh4 28. Qf2 Qxf2+ 29. Kxf2 a4 30. b4 a3 31. Ba1 cxb4 32. Bxd4 Rgd8 33. Ke3 Rd7 34. Bc5 Rb8 35. Rb1 c6 36. Rxb4 Rxb4 37. Bxb4 Rb7 38. Bc5 Rb2 39. Re2 Rxe2+ 40. Kxe2 Nf7 41. Bxa3 Nd8 42. d4 Kg8 43. Bb4 Kf7 44. a4 Ke8 45. Kd3 Kd7 46. Kc3 Kc7 47. Ba5+ Kc8 48. Bxd8 Kxd8 49. Kb4 Kc7 50. Kc5 1-0

[Event "Chiemgau Seniors Cup 1st"]
[Site "Bergen"]
[Date "2005.10.15"]
[Round "5"]
[White "Claus, Joachim"]
[Black "Oser, Thor"]
[Result "1/2-1/2"]
[WhiteElo "1968"]
[BlackElo "1941"]
[PlyCount "21"]
[EventDate "2005.10.11"]
[EventType "swiss"]
[EventRounds "9"]
[EventCountry "GER"]
[SourceTitle "EXT 2007"]
[Source "ChessBase"]
[SourceDate "2006.11.23"]
[SourceVersion "1"]
[SourceVersionDate "2006.11.23"]
[SourceQuality "1"]

1. e4 c5 2. Nf3 Nc6 3. c3 e6 4. Bb5 Qc7 5. 0-0 a6 6. Ba4 b5 7. Bc2 Bb7 8. d4 cxd4 9. cxd4 Nb4 10. Bd3 Nxd3 11. Qxd3 1/2-1/2

[Event "Chiemgau Seniors Cup 1st"]
[Site "Bergen"]
[Date "2005.10.11"]
[Round "1"]
[White "Claus, Joachim"]
[Black "Sagstetter, Karl"]
[Result "1-0"]
[WhiteElo "1968"]
[BlackElo "1304"]
[PlyCount "93"]
[EventDate "2005.10.11"]
[EventType "swiss"]
[EventRounds "9"]
[EventCountry "GER"]
[SourceTitle "EXT 2007"]
[Source "ChessBase"]
[SourceDate "2006.11.23"]
[SourceVersion "1"]
[SourceVersionDate "2006.11.23"]
[SourceQuality "1"]

1. e4 e5 2. Nf3 Nc6 3. d4 exd4 4. Bc4 h6 5. 0-0 g5 6. Nxd4 Bc5 7. Nf5 d6 8. Ng7+ Kf8 9. Nh5 Ne5 10. Be2 g4 11. Bf4 Qd7 12. Nd2 Ng6 13. Bg3 Ne5 14. Nb3 Bb6 15. Nd4 Bxd4 16. Qxd4 Qe7 17. Rad1 Qg5 18. Bxe5 dxe5 19. Qd8+ Qxd8 20. Rxd8+ Ke7 21. Rfd1 a6 22. R1d2 b5 23. Ng3 h5 24. Nf5+ Kf6 25. Ne3 Bb7 26. Rxa8 Bxa8 27. Rd7 Bxe4 28. Rxc7 Ne7 29. f3 gxf3 30. gxf3 Bc6 31. c4 Rc8 32. Ra7 Ra8 33. Rxa8 Bxa8 34. cxb5 axb5 35. Kf2 b4 36. Bc4 Kg6 37. Nc2 Bd5 38. Bd3+ f5 39. Nxb4 Be6 40. a4 Nd5 41. Nxd5 Bxd5 42. h4 e4 43. fxe4 fxe4 44. Be2 Bb7 45. b4 Kf5 46. Ke3 Bc6 47. b5 1-0

[Event "Rhoen/Bad Bocklet Seniors op-A 5th"]
[Site "Bad Bocklet"]
[Date "2004.11.18"]
[Round "1"]
[White "Bakhmatov, Eduard"]
[Black "Claus, Joachim"]
[Result "1-0"]
[WhiteElo "2306"]
[BlackElo "1849"]
[PlyCount "69"]
[EventDate "2004.07.09"]
[EventType "swiss"]
[EventRounds "9"]
[EventCountry "GER"]
[SourceTitle "EXT 2006"]
[Source "ChessBase"]
[SourceDate "2005.11.24"]
[SourceVersion "1"]
[SourceVersionDate "2005.11.24"]
[SourceQuality "1"]

1. e4 d5 2. exd5 Nf6 3. d4 Nxd5 4. Nf3 Bf5 5. Nh4 Bg6 6. Nxg6 hxg6 7. c4 Nf6 8. Nc3 e6 9. Be3 c6 10. g3 Qa5 11. Bg2 Nbd7 12. Qb3 Qb4 13. 0-0-0 Nb6 14. d5 cxd5 15. cxd5 Qxb3 16. axb3 Nbxd5 17. Nxd5 Nxd5 18. Bxd5 exd5 19. Rhe1 0-0-0 20. Bxa7 Bb4 21. Re2 Rd6 22. Rd4 Ba5 23. Rc2+ Bc7 24. Bc5 Rd7 25. Ra4 Kb8 26. Ba7+ Kc8 27. Bd4 Kb8 28. h4 f6 29. Re2 Rhd8 30. b4 b6 31. b5 Kb7 32. b3 Ra8 33. Kc2 Kb8 34. Kd3 Bd8 35. Re1 1-0